Countries smaller than their Neighbors - Statistics

General Stats
  • This quiz has been taken 42 times
    10 since last reset
  • The average score is 39 of 49
Answer Stats
Country % Correct
Belize
86%
Bhutan
86%
Cambodia
86%
Costa Rica
86%
Denmark
86%
Djibouti
86%
El Salvador
86%
Estonia
86%
Eswatini
86%
Finland
86%
Gambia
86%
Haiti
86%
Ireland
86%
Kosovo
86%
Kuwait
86%
Lebanon
86%
Lesotho
86%
Liechtenstein
86%
Luxembourg
86%
Monaco
86%
Nepal
86%
Portugal
86%
Rwanda
86%
San Marino
86%
South Korea
86%
Tajikistan
86%
Togo
86%
Tunisia
86%
Uruguay
86%
Vatican City
86%
Zimbabwe
86%
Andorra
71%
Armenia
71%
Bangladesh
71%
Brunei
71%
East Timor
71%
Ecuador
71%
Equatorial Guinea
71%
Guinea Bissau
71%
Malawi
71%
Paraguay
71%
Qatar
71%
Slovenia
71%
Suriname
71%
United Arab Emirates
71%
Chile
57%
Moldova
57%
Papua New Guinea
57%
Sierra Leone
57%
No matching quizzes found
Score Distribution
Percent of People with Each Score
Percentile by Number Answered
Your Score History
You have not taken this quiz since the last reset